[Event "Montcalm III 1997-98"]
[Site "Quebec CAN"]
[Date "1997.12.10"]
[Round "4"]
[White "Hebert, Marc"]
[Black "Campbell, Gaetan"]
[Result "0-1"]
[WhiteElo "1787"]
[BlackElo "1691"]
[PlyCount "126"]
[GameId "2160767911874365"]
[EventDate "1997.11.19"]
[EventType "swiss"]
[EventRounds "5"]
[EventCountry "CAN"]

1. d4 Nf6 2. Bg5 Ne4 3. Bh4 c5 4. f3 g5 5. fxe4 gxh4 6. Nc3 Bg7 7. Nf3 cxd4 8. Nxd4 Qb6 9. Nb3 Bxc3+ 10. bxc3 Nc6 11. a4 d6 12. a5 Qe3 13. Qd3 Qg5 14. Qd5 Rg8 15. Qxg5 Rxg5 16. e3 a6 17. Rg1 Be6 18. c4 Rc8 19. Ra4 Ne5 20. Nd2 h3 21. g3 h5 22. Bd3 h4 23. Nf1 Nf3+ 24. Kf2 Nxg1 25. Kxg1 hxg3 26. hxg3 Rgc5 27. Nd2 Rg5 28. Kh2 Kd7 29. Nf3 Rgc5 30. Nd2 Rg8 31. Nf3 Bg4 32. Nd2 Be6 33. Nf3 f5 34. exf5 Bxf5 35. e4 Bg4 36. Nd2 Rcg5 37. Nf1 Bf3 38. Ra3 Bg2 39. Be2 Re5 40. Nd2 Rgg5 41. Nf3 Bxf3 42. Bxf3 Rxa5 43. Rb3 b5 44. cxb5 Raxb5 45. Ra3 Ra5 46. Rb3 Rgb5 47. Bg4+ Kc7 48. Kxh3 Rxb3 49. cxb3 Re5 50. Bf3 Kd7 51. Kg4 Ke6 52. Kf4 Kf6 53. Be2 a5 54. Bc4 Rg5 55. g4 Rc5 56. Bd5 e5+ 57. Kg3 Kg5 58. Be6 Rc3+ 59. Kf2 Kf4 60. Bd5 Rc2+ 61. Ke1 Kxg4 62. Kd1 Rh2 63. Kc1 Kf4 0-1

[Event "Montcalm III 1997-98"]
[Site "Quebec CAN"]
[Date "1997.12.17"]
[Round "5"]
[White "Turcot, Jean"]
[Black "Hebert, Marc"]
[Result "0-1"]
[WhiteElo "1503"]
[BlackElo "1787"]
[PlyCount "116"]
[GameId "2160767911874366"]
[EventDate "1997.11.19"]
[EventType "swiss"]
[EventRounds "5"]
[EventCountry "CAN"]

1. b4 e5 2. Bb2 f6 3. b5 d5 4. e3 Be6 5. Nf3 Bd6 6. a4 Nd7 7. d4 Ne7 8. Ba3 O-O 9. Bxd6 cxd6 10. Na3 Rc8 11. Qd2 Qc7 12. Qb4 Qc3+ 13. Qxc3 Rxc3 14. Kd2 Rfc8 15. Ne1 f5 16. Nd3 Ng6 17. Nb2 Nf6 18. Bd3 Ne4+ 19. Ke2 Nf6 20. Kd2 Nh4 21. Nbc4 R3xc4 22. Nxc4 dxc4 23. Bf1 Ne4+ 24. Ke1 exd4 25. exd4 Bd5 26. f3 Nf6 27. Kf2 Kf7 28. c3 Re8 29. a5 f4 30. Be2 Re3 31. Rhc1 Nxg2 32. Ra4 Nh4 33. Bxc4 Rxf3+ 34. Kg1 Bxc4 35. Rxc4 Nd5 36. b6 axb6 37. axb6 Nxb6 38. Rc7+ Kf6 39. Rxb7 Nc4 40. Rc7 d5 41. Rc6+ Kf5 42. Rc7 g5 43. Rxh7 Kg4 44. Ra7 Rd3 45. Kh1 Kh3 46. Ra2 Rd2 47. Rxd2 Nxd2 48. c4 Nxc4 49. Rf1 Nf5 50. Rf2 Kg4 51. h3+ Kxh3 52. Rh2+ Kg4 53. Rg2+ Kh5 54. Rg1 g4 55. Rd1 g3 56. Rf1 Kg4 57. Rd1 f3 58. Rd3 Nce3 0-1

[Event "Montreal op"]
[Site "Montreal CAN"]
[Date "1997.08.30"]
[Round "1"]
[White "Gravel, Simon jr"]
[Black "Rodriguez, Herver"]
[Result "0-1"]
[WhiteElo "2070"]
[BlackElo "1830"]
[PlyCount "78"]
[GameId "2160767911932142"]
[EventDate "1997.08.30"]
[EventType "swiss"]
[EventRounds "5"]
[EventCountry "CAN"]
[SourceTitle "Echec+ 1998.01"]

1. d4 Nf6 2. c4 e6 3. Nc3 Bb4 4. e3 b6 5. Nge2 Bb7 6. a3 Bxc3+ 7. Nxc3 O-O 8. f3 d5 9. cxd5 exd5 10. Bd3 c5 11. dxc5 d4 12. exd4 Re8+ 13. Ne2 bxc5 14. dxc5 Nbd7 15. b4 a5 16. Bb5 Ba6 17. Bxa6 Rxa6 18. Rb1 Rae6 19. Rb2 Qe7 20. Bf4 Nd5 21. Bd6 Qh4+ 22. g3 Qc4 23. Kf2 axb4 24. Rc2 Nc3 25. Nxc3 bxc3 26. c6 Qxc6 27. Bb4 Re3 28. Rf1 Nf6 29. Kg2 Nd5 30. Rff2 Re1 31. Qd4 Ne3+ 32. Kh3 Qe6+ 33. g4 Qh6+ 34. Kg3 Rg1+ 35. Rg2 Rxg2+ 36. Rxg2 Nxg2 37. Kxg2 Qd2+ 38. Qxd2 cxd2 39. Bxd2 Re2+ 0-1

[Event "Montreal op"]
[Site "Montreal CAN"]
[Date "1997.08.30"]
[Round "1"]
[White "Latendresse, Simon"]
[Black "Linskiy, Oleg"]
[Result "0-1"]
[WhiteElo "1986"]
[BlackElo "2390"]
[PlyCount "42"]
[GameId "2160767911932143"]
[EventDate "1997.08.30"]
[EventType "swiss"]
[EventRounds "5"]
[EventCountry "CAN"]

1. d4 Nf6 2. Nf3 c5 3. e3 e6 4. Bd3 b6 5. Qe2 Bb7 6. Nbd2 Be7 7. c3 Nc6 8. O-O O-O 9. Re1 Qc7 10. e4 cxd4 11. e5 Nd5 12. Qe4 g6 13. Nxd4 f5 14. exf6 Nxf6 15. Qe2 Nxd4 16. cxd4 Qd6 17. Qe5 Ng4 18. Qxd6 Bxd6 19. f3 Bxh2+ 20. Kh1 Bg3 21. Re2 Nf2+ 0-1

[Event "Montreal op"]
[Site "Montreal CAN"]
[Date "1997.08.30"]
[Round "2"]
[White "Leriche, Felix"]
[Black "Rodriguez, Herver"]
[Result "0-1"]
[WhiteElo "2129"]
[BlackElo "1830"]
[PlyCount "107"]
[GameId "2160767911932146"]
[EventDate "1997.08.30"]
[EventType "swiss"]
[EventRounds "5"]
[EventCountry "CAN"]
[SourceTitle "Echec+ 1998.01"]

1. e4 e6 2. d4 d5 3. Nd2 Nf6 4. e5 Nfd7 5. Ngf3 c5 6. c3 Nc6 7. Be2 cxd4 8. cxd4 f6 9. exf6 Nxf6 10. O-O Qb6 11. Nb3 Bd6 12. Be3 O-O 13. Ne5 Bd7 14. f4 Nxe5 15. fxe5 Bxe5 16. Nc5 Bd6 17. Rxf6 gxf6 18. Nxd7 Bxh2+ 19. Kh1 Qd6 20. Nxf8 Rxf8 21. Bh5 f5 22. Qf3 Bg3 23. Bh6 Rc8 24. Rc1 Rxc1+ 25. Bxc1 Kg7 26. Qe3 f4 27. Qe2 Qc7 28. Qe5+ Qxe5 29. dxe5 f3 30. gxf3 Bxe5 31. b3 Kf6 32. Kg2 Bd4 33. Kg3 e5 34. Bg4 Bc3 35. Kf2 Kg6 36. Be6 d4 37. Bd5 b6 38. Be4+ Kg7 39. Kg3 a5 40. Kg4 Kf6 41. Bxh7 Ke6 42. Be4 b5 43. Kg3 a4 44. Kf2 axb3 45. axb3 Bb4 46. Ke2 Kd6 47. Bh6 Ba5 48. Kd3 Be1 49. Bf8+ Kc7 50. Bg6 Kb6 51. Ke4 Bg3 52. Bd6 Kc6 53. Bxe5 d3 54. Bc3 0-1

[Event "Montreal op"]
[Site "Montreal CAN"]
[Date "1997.08.30"]
[Round "2"]
[White "Linskiy, Oleg"]
[Black "Gagnon, Michel"]
[Result "1-0"]
[WhiteElo "2390"]
[BlackElo "2078"]
[PlyCount "65"]
[GameId "2160767911932147"]
[EventDate "1997.08.30"]
[EventType "swiss"]
[EventRounds "5"]
[EventCountry "CAN"]

1. e4 c5 2. Nf3 d6 3. d4 cxd4 4. Nxd4 Nf6 5. Nc3 a6 6. Bg5 e6 7. Qd3 Qc7 8. O-O-O Nbd7 9. f4 b5 10. Bxf6 gxf6 11. Be2 b4 12. Nb1 Bb7 13. Nd2 Nc5 14. Qe3 O-O-O 15. Rhf1 Kb8 16. Kb1 h5 17. Rc1 d5 18. exd5 Bxd5 19. Bf3 Qb7 20. N2b3 Qb6 21. Bxd5 Rxd5 22. Qe2 Nxb3 23. Nxb3 Be7 24. c4 bxc3 25. Rxc3 Bb4 26. Rc4 Rd7 27. Rc8+ Kxc8 28. Rc1+ Kb8 29. Qc4 Kb7 30. a3 Bd6 31. Ka2 e5 32. f5 a5 33. Rc3 1-0

[Event "Montreal op"]
[Site "Montreal CAN"]
[Date "1997.08.30"]
[Round "2"]
[White "Mikanovic, Goran"]
[Black "Charest, Johanne"]
[Result "1-0"]
[WhiteElo "2323"]
[BlackElo "1842"]
[PlyCount "95"]
[GameId "2160767911932148"]
[EventDate "1997.08.30"]
[EventType "swiss"]
[EventRounds "5"]
[EventCountry "CAN"]

1. d4 d5 2. c4 e6 3. Nf3 c5 4. cxd5 exd5 5. Nc3 cxd4 6. Nxd4 Nc6 7. g3 Nf6 8. Bg2 Be6 9. O-O h6 10. Nxe6 fxe6 11. Bh3 Qd7 12. Nb5 Nd8 13. Nd4 Bd6 14. b3 O-O 15. Bb2 a6 16. Rc1 Qf7 17. e3 Ne4 18. f4 Qg6 19. Rc2 Bc5 20. Qd3 Bxd4 21. Bxd4 Nc6 22. Bc5 Rfe8 23. Ba3 Qf7 24. Bg2 Nf6 25. h3 Rad8 26. Rcf2 Qc7 27. Bb2 d4 28. Bxd4 Nxd4 29. exd4 Qb6 30. Rd1 Rd7 31. Qe3 Kh8 32. Re2 Nd5 33. Bxd5 Rxd5 34. Qe4 Rdd8 35. Kg2 Qb5 36. Rdd2 Kg8 37. Kh2 Kh8 38. h4 Kg8 39. Rf2 Rd5 40. Qg6 Qd7 41. Rfe2 Re7 42. Qe4 Kh8 43. Rd1 Qd6 44. Rc2 Qd7 45. Qg6 Re8 46. Rdc1 Rg8 47. Rc7 Qd6 48. Rxg7 1-0

[Event "Montreal op"]
[Site "Montreal CAN"]
[Date "1997.08.31"]
[Round "3"]
[White "Charest, Johanne"]
[Black "Abreu Cordero, Jose"]
[Result "1-0"]
[WhiteElo "1842"]
[BlackElo "2007"]
[PlyCount "75"]
[GameId "2160767911932149"]
[EventDate "1997.08.30"]
[EventType "swiss"]
[EventRounds "5"]
[EventCountry "CAN"]

1. e4 Nf6 2. e5 Nd5 3. c4 Nb6 4. c5 Nd5 5. Nc3 Nxc3 6. dxc3 e6 7. Qg4 h5 8. Qg3 g6 9. Bd3 Bxc5 10. Bxg6 Rg8 11. Bxf7+ Kxf7 12. Qf3+ Kg7 13. Qxh5 Rh8 14. Qg4+ Kf7 15. Nf3 Qg8 16. Bg5 Nc6 17. O-O-O Ke8 18. Qf4 Be7 19. Bf6 Bxf6 20. exf6 d6 21. Ng5 Nd8 22. h4 Nf7 23. Rde1 e5 24. Nxf7 Qxf7 25. g4 Be6 26. Qf3 Bd5 27. Qf5 Bxh1 28. Rxh1 Rg8 29. g5 Qd7 30. Qf3 Kf7 31. Qh5+ Kf8 32. g6 Rxg6 33. Qxg6 Qf7 34. Qh6+ Ke8 35. Rg1 Qxa2 36. Qh7 Qa1+ 37. Kc2 Qa4+ 38. Kb1 1-0

[Event "Montreal op"]
[Site "Montreal CAN"]
[Date "1997.09.01"]
[Round "4"]
[White "Gagnon, Michel"]
[Black "Mikanovic, Goran"]
[Result "1-0"]
[WhiteElo "2078"]
[BlackElo "2323"]
[PlyCount "107"]
[GameId "2160767911932152"]
[EventDate "1997.08.30"]
[EventType "swiss"]
[EventRounds "5"]
[EventCountry "CAN"]
[SourceTitle "Echec+ 1997.12"]

1. d4 Nf6 2. Nf3 e6 3. e3 b6 4. Bd3 Bb7 5. Nbd2 c5 6. O-O Be7 7. Qe2 O-O 8. b3 d5 9. Bb2 Nc6 10. a3 Qc7 11. Rfd1 a6 12. c4 cxd4 13. exd4 Rfd8 14. Rac1 Qf4 15. h3 Qh6 16. Qe3 Qxe3 17. fxe3 Rd7 18. b4 dxc4 19. Nxc4 Bd8 20. Nfe5 Nxe5 21. dxe5 Ne4 22. Bxe4 Rxd1+ 23. Rxd1 Bxe4 24. Nd6 Bc2 25. Rc1 Ba4 26. Bd4 f6 27. Nb7 fxe5 28. Bxe5 Bg5 29. Bd4 b5 30. Rc7 e5 31. Bc5 Bb3 32. Kf2 Bd5 33. g3 Bf6 34. Ke2 e4 35. Bd4 Bc4+ 36. Kd2 Bxd4 37. exd4 Rf8 38. Nd6 Bd3 39. Rc8 Rxc8 40. Nxc8 Kf7 41. Nd6+ Ke6 42. Nb7 Kd5 43. Ke3 Bf1 44. h4 Kc4 45. Nc5 Bg2 46. g4 h6 47. g5 hxg5 48. hxg5 g6 49. Nxa6 Kb3 50. d5 Kxa3 51. d6 Bh3 52. Kxe4 Kb3 53. Kd4 Bf5 54. Kc5 1-0

[Event "Montreal op"]
[Site "Montreal CAN"]
[Date "1997.09.01"]
[Round "5"]
[White "Girard, Robin"]
[Black "Linskiy, Oleg"]
[Result "1-0"]
[WhiteElo "2230"]
[BlackElo "2390"]
[PlyCount "99"]
[GameId "2160767911932153"]
[EventDate "1997.08.30"]
[EventType "swiss"]
[EventRounds "5"]
[EventCountry "CAN"]

1. e4 e5 2. Nf3 d6 3. d4 Nf6 4. Nc3 Nbd7 5. Bc4 Be7 6. O-O O-O 7. h3 c6 8. a4 b6 9. Qe2 Bb7 10. Rd1 Qc7 11. Ba2 a6 12. Qc4 exd4 13. Nxd4 Ne5 14. Qe2 b5 15. Nf5 Rfe8 16. Bg5 Rad8 17. f4 Ng6 18. Rd3 b4 19. Nd1 d5 20. Nxe7+ Qxe7 21. e5 h6 22. Bxf6 Qxf6 23. g3 Qf5 24. Qg2 Bc8 25. Nf2 h5 26. Rf1 h4 27. Ng4 Kh8 28. Kh2 hxg3+ 29. Qxg3 Qh5 30. c4 Bf5 31. Rd2 Be4 32. cxd5 cxd5 33. Bb3 Nh4 34. Bd1 Nf5 35. Qb3 Qh4 36. Rg1 a5 37. Bf3 Bxf3 38. Qxf3 d4 39. Nf2 Qh7 40. Rg5 Re6 41. Rh5 Rh6 42. Rxh6 Qxh6 43. Ne4 Nh4 44. Qg3 Nf5 45. Qg4 Ne3 46. Qf3 Nc4 47. Rg2 f6 48. exf6 gxf6 49. Nxf6 d3 50. Qg4 1-0

[Event "NorWest Chess Fest"]
[Site "Thunder Bay CAN"]
[Date "1997.06.14"]
[Round "3"]
[White "Pierre, Rolland"]
[Black "Parkin, Meegis"]
[Result "0-1"]
[WhiteElo "1735"]
[BlackElo "1677"]
[PlyCount "40"]
[GameId "2160767911965632"]
[EventDate "1997.06.14"]
[EventType "swiss (rapid)"]
[EventRounds "5"]
[EventCountry "CAN"]
[SourceTitle "CFC 1997.08"]

1. e4 d5 2. e5 Nc6 3. d4 Bf5 4. Nf3 Qd7 5. Bb5 O-O-O 6. O-O Nh6 7. Nbd2 f6 8. Re1 Kb8 9. Nb3 a6 10. Nc5 Qe8 11. Ba4 Bg4 12. c3 e6 13. b4 Ka7 14. b5 Bxc5 15. bxc6 Bb6 16. cxb7 Qg6 17. Bc6 Nf5 18. Qd3 h5 19. Kh1 h4 20. Ng1 Ng3+ 0-1

[Event "North Bay int."]
[Site "North Bay CAN"]
[Date "1997.??.??"]
[Round "?"]
[White "Serper, Grigory"]
[Black "Rajlich, Vasik"]
[Result "1-0"]
[WhiteElo "2540"]
[BlackElo "2245"]
[PlyCount "95"]
[GameId "2160767911932228"]
[EventDate "1997.08.06"]
[EventType "swiss"]
[EventRounds "9"]
[EventCountry "CAN"]
[SourceTitle "EXT 2010"]
[Source "ChessBase"]
[SourceDate "2009.11.30"]
[SourceVersion "1"]
[SourceVersionDate "2009.11.30"]
[SourceQuality "1"]

1. c4 Nf6 2. Nc3 g6 3. e4 d6 4. d4 Bg7 5. Be2 O-O 6. Bg5 Na6 7. f3 e5 8. d5 c6 9. g4 cxd5 10. cxd5 Bd7 11. Nh3 Qa5 12. Qd2 Rfc8 13. Nf2 Rab8 14. Nb5 Nb4 15. Na3 Rc2 16. Nxc2 Nxc2+ 17. Kd1 Qxd2+ 18. Kxd2 Nxa1 19. Rxa1 Rc8 20. Be3 a6 21. a4 Ne8 22. Bd3 Bf6 23. g5 Bd8 24. Bf1 Ba5+ 25. Kd3 Bb4 26. Bh3 Bxh3 27. Nxh3 Bc5 28. Rc1 Rc7 29. Bxc5 dxc5 30. f4 exf4 31. e5 b5 32. d6 Rc8 33. axb5 axb5 34. Nxf4 Kf8 35. Nd5 Ng7 36. Nc7 Ne6 37. Nxe6+ fxe6 38. Ra1 Ke8 39. Ra7 c4+ 40. Kd4 Rc6 41. Rc7 Ra6 42. Re7+ Kd8 43. Rxe6 Ra2 44. Rf6 Rxb2 45. e6 Rd2+ 46. Kc5 Ke8 47. e7 Kd7 48. Rf8 1-0

[Event "North Bay int."]
[Site "North Bay CAN"]
[Date "1997.08.06"]
[Round "1"]
[White "Charest, Johanne"]
[Black "Zugic, Igor"]
[Result "0-1"]
[WhiteElo "2142"]
[BlackElo "2354"]
[PlyCount "70"]
[GameId "2160767911932230"]
[EventDate "1997.08.06"]
[EventType "swiss"]
[EventRounds "9"]
[EventCountry "CAN"]
[SourceTitle "EXT 2022"]
[Source "ChessBase"]
[SourceDate "2021.10.06"]
[SourceVersion "1"]
[SourceVersionDate "2021.10.06"]
[SourceQuality "1"]

1. e4 e6 2. d4 d5 3. e5 c5 4. c3 Nc6 5. Nf3 Qb6 6. Bd3 cxd4 7. cxd4 Bd7 8. O-O Nxd4 9. Nxd4 Qxd4 10. Nc3 a6 11. Qe2 Ne7 12. Kh1 Nc6 13. f4 Bc5 14. a3 Ba7 15. Bd2 Qb6 16. f5 Qc7 17. Nxd5 exd5 18. e6 O-O-O 19. exd7+ Rxd7 20. Rac1 Re7 21. Qf3 f6 22. Qxd5 Qd7 23. Qf3 Kb8 24. Bf4+ Ka8 25. Rfe1 Rxe1+ 26. Rxe1 Bb8 27. Bxb8 Kxb8 28. Be4 Ne5 29. Qb3 Rd8 30. h3 h6 31. Rc1 Qb5 32. Qc3 Qb6 33. b4 Ka7 34. a4 Rd4 35. Bxb7 Rc4 0-1

[Event "North Bay int."]
[Site "North Bay CAN"]
[Date "1997.08.06"]
[Round "1"]
[White "Murey, Jacob"]
[Black "Wenaas, Eric"]
[Result "1-0"]
[WhiteElo "2440"]
[BlackElo "2218"]
[PlyCount "31"]
[GameId "2160767911932233"]
[EventDate "1997.08.06"]
[EventType "swiss"]
[EventRounds "9"]
[EventCountry "CAN"]
[SourceTitle "EXT 97"]
[Source "ChessBase"]
[SourceDate "1997.11.17"]
[SourceVersion "1"]
[SourceVersionDate "1997.11.17"]
[SourceQuality "1"]

1. c4 Nf6 2. Nc3 e6 3. e4 c5 4. e5 Ng8 5. Nf3 Nc6 6. d4 cxd4 7. Nxd4 Nxe5 8. Qa4 Qb6 9. Ndb5 Bc5 10. Ne4 Ng4 11. f3 Nf2 12. Nxc5 Qxc5 13. b4 Qe5+ 14. Kxf2 Qxa1 15. Qc2 d6 16. Nc3 1-0

[Event "North Bay int."]
[Site "North Bay CAN"]
[Date "1997.08.07"]
[Round "2"]
[White "Bhat, Vinay"]
[Black "Charest, Johanne"]
[Result "1-0"]
[WhiteElo "2235"]
[BlackElo "2142"]
[PlyCount "73"]
[GameId "2160767911932234"]
[EventDate "1997.08.06"]
[EventType "swiss"]
[EventRounds "9"]
[EventCountry "CAN"]
[SourceTitle "EXT 2022"]
[Source "ChessBase"]
[SourceDate "2021.10.06"]
[SourceVersion "1"]
[SourceVersionDate "2021.10.06"]
[SourceQuality "1"]

1. e4 e5 2. Nf3 Nc6 3. Bc4 Bc5 4. d3 Nf6 5. O-O d6 6. c3 h6 7. Re1 Bg4 8. Nbd2 Qd7 9. b4 Bb6 10. Bb3 Nh5 11. a4 a5 12. Nc4 axb4 13. h3 Be6 14. Nxb6 cxb6 15. Bxe6 Qxe6 16. d4 Qc4 17. d5 Ne7 18. cxb4 Nf6 19. Nd2 Qc7 20. Qf3 O-O 21. Nb3 Ng6 22. Bd2 Qd7 23. a5 bxa5 24. Nxa5 Qb5 25. Rec1 Rfc8 26. g3 Ne7 27. Kg2 Kh7 28. h4 b6 29. Nc6 Rxa1 30. Rxa1 Rc7 31. Ra8 Neg8 32. Bg5 hxg5 33. hxg5 Qc4 34. gxf6 Nxf6 35. Qf5+ g6 36. Qxf6 Qxe4+ 37. Kh2 1-0

[Event "North Bay int."]
[Site "North Bay CAN"]
[Date "1997.08.07"]
[Round "2"]
[White "Gofshtein, Leonid"]
[Black "Hua, Lefong"]
[Result "0-1"]
[WhiteElo "2545"]
[BlackElo "2235"]
[PlyCount "112"]
[GameId "2160767911932236"]
[EventDate "1997.08.06"]
[EventType "swiss"]
[EventRounds "9"]
[EventCountry "CAN"]
[SourceTitle "EXT 97"]
[Source "ChessBase"]
[SourceDate "1997.11.17"]
[SourceVersion "1"]
[SourceVersionDate "1997.11.17"]
[SourceQuality "1"]

1. d4 Nf6 2. c4 g6 3. Nc3 Bg7 4. e4 d6 5. Nf3 O-O 6. Be2 Nbd7 7. O-O e5 8. Qc2 exd4 9. Nxd4 c6 10. Bf4 Nc5 11. Nb3 Ne6 12. Bg3 Qe7 13. Rad1 Rd8 14. f4 a5 15. a4 Nc7 16. Bh4 Na6 17. c5 Nb4 18. Qd2 Qe6 19. Nd4 Qe8 20. cxd6 Rxd6 21. e5 Rxd4 22. Qxd4 Nfd5 23. Nxd5 Nxd5 24. Bc4 Be6 25. h3 Bf8 26. Kh2 b6 27. Bxd5 Bc5 28. Bxc6 Qxc6 29. Qd8+ Rxd8 30. Rxd8+ Kg7 31. Bf6+ Kh6 32. Bg5+ Kg7 33. f5 Bxf5 34. Bf6+ Kh6 35. Rf4 g5 36. Rxf5 Qe4 37. Bxg5+ Kg7 38. Rf4 Qe1 39. Bf6+ Kh6 40. Rh4+ Kg6 41. Rg8+ Kf5 42. Rh5+ Ke4 43. Rg4+ Kd3 44. Rg3+ Ke2 45. h4 Bf2 46. Rc3 Qg1+ 47. Kh3 Qh1+ 48. Kg4 Qxg2+ 49. Kf4 Be1 50. Re3+ Kf2 51. Rg5 Qh2+ 52. Ke4 Qxh4+ 53. Kd3 Qf4 54. Re2+ Kf1 55. Re4 Qd2+ 56. Kc4 Qb4+ 0-1

[Event "North Bay int."]
[Site "North Bay CAN"]
[Date "1997.08.07"]
[Round "2"]
[White "Targonski, Stanley"]
[Black "Levtchouk, George"]
[Result "0-1"]
[WhiteElo "2167"]
[BlackElo "2357"]
[PlyCount "60"]
[GameId "2160767911932238"]
[EventDate "1997.08.06"]
[EventType "swiss"]
[EventRounds "9"]
[EventCountry "CAN"]
[SourceTitle "hb 2011"]

1. c4 g6 2. Nc3 Bg7 3. g3 d6 4. Bg2 Nf6 5. d3 O-O 6. e4 c5 7. Nge2 Nc6 8. O-O Bd7 9. h3 Rb8 10. Be3 a6 11. Qd2 b5 12. Rab1 Ne8 13. Bh6 bxc4 14. Bxg7 Kxg7 15. dxc4 Ne5 16. b3 Bxh3 17. f4 Bxg2 18. Kxg2 Ng4 19. f5 Nef6 20. Rh1 e6 21. Rbf1 exf5 22. exf5 Qe7 23. Rf3 Rbe8 24. Nf4 Ne3+ 25. Kg1 Nxf5 26. Nfe2 Ne4 27. Qf4 Qe5 28. Qg4 Nxc3 29. Nxc3 h5 30. Rxh5 Qd4+ 0-1

[Event "North Bay int."]
[Site "North Bay CAN"]
[Date "1997.08.07"]
[Round "3"]
[White "Charest, Johanne"]
[Black "Thorvardson, Barry"]
[Result "1/2-1/2"]
[WhiteElo "2142"]
[BlackElo "2025"]
[PlyCount "153"]
[GameId "2160767911932240"]
[EventDate "1997.08.06"]
[EventType "swiss"]
[EventRounds "9"]
[EventCountry "CAN"]
[SourceTitle "EXT 2022"]
[Source "ChessBase"]
[SourceDate "2021.10.06"]
[SourceVersion "1"]
[SourceVersionDate "2021.10.06"]
[SourceQuality "1"]

1. e4 c5 2. Nc3 d6 3. f4 Nc6 4. Nf3 Bg4 5. Bb5 a6 6. Bxc6+ bxc6 7. h3 Bxf3 8. Qxf3 g6 9. O-O Bg7 10. d3 Rb8 11. f5 Bd4+ 12. Kh1 Nf6 13. Nd1 Qd7 14. c3 Be5 15. Bf4 Bxf4 16. Qxf4 Nh5 17. Qf3 e5 18. fxe6 Qxe6 19. Rf2 O-O 20. Ne3 Rb7 21. Qg4 Qxg4 22. Nxg4 c4 23. dxc4 Ng3+ 24. Kh2 Nxe4 25. Re2 f5 26. Nf2 Ng5 27. Rd1 Rf6 28. b3 h5 29. Re8+ Kf7 30. Rde1 Re6 31. R1xe6 Nxe6 32. Rc8 c5 33. Ra8 Rb6 34. Ra7+ Kf6 35. Nd3 Kg5 36. Kg3 h4+ 37. Kf3 Kf6 38. Nf4 Nxf4 39. Kxf4 g5+ 40. Kf3 Rc6 41. Ra8 Rc7 42. Rxa6 Ke5 43. Ra8 Rg7 44. Re8+ Kf6 45. Re2 g4+ 46. hxg4 fxg4+ 47. Kf4 g3 48. Kf3 Kf5 49. Rd2 Rf7 50. Rd5+ Ke6+ 51. Kg4 Rf2 52. Kxh4 Rxg2 53. Rg5 Rxa2 54. Rxg3 Rb2 55. b4 cxb4 56. cxb4 Rxb4 57. Rg4 Rb3 58. Rd4 Rc3 59. Kg4 Kd7 60. Kf4 Kc6 61. Kg4 Re3 62. Kf4 Re6 63. Rd5 Rh6 64. Ke4 Rh1 65. Ke3 Rc1 66. Kd3 Rd1+ 67. Kc3 Rxd5 68. cxd5+ Kc5 69. Kc2 Kxd5 70. Kd3 Ke5 71. Ke3 d5 72. Kd3 d4 73. Kd2 Ke4 74. Ke2 Ke5 75. Kd2 Kd6 76. Kd3 Kd5 77. Kd2 1/2-1/2

[Event "North Bay int."]
[Site "North Bay CAN"]
[Date "1997.08.07"]
[Round "3"]
[White "Kiviaho, Robert"]
[Black "Day, Lawrence"]
[Result "1-0"]
[WhiteElo "2333"]
[BlackElo "2400"]
[PlyCount "84"]
[GameId "2160767911932241"]
[EventDate "1997.08.06"]
[EventType "swiss"]
[EventRounds "9"]
[EventCountry "CAN"]
[SourceTitle "EXT 97"]
[Source "ChessBase"]
[SourceDate "1997.11.17"]
[SourceVersion "1"]
[SourceVersionDate "1997.11.17"]
[SourceQuality "1"]

1. e4 d5 2. exd5 Qxd5 3. Nc3 Qa5 4. g3 Nf6 5. Bg2 c6 6. Nge2 g6 7. O-O Bg7 8. Re1 O-O 9. d3 Rd8 10. Rb1 Nbd7 11. b4 Qc7 12. b5 c5 13. a4 Rb8 14. b6 Nxb6 15. Nb5 Qd7 16. Bf4 Ra8 17. Nc7 Nfd5 18. Nxa8 Nxa8 19. a5 Nac7 20. Qd2 Nb4 21. Be3 b6 22. axb6 axb6 23. Nc3 Ne6 24. Ne4 Nd5 25. c4 Nxe3 26. fxe3 Qa7 27. Rb3 Nf8 28. Nc3 Nd7 29. Reb1 e6 30. Ne4 Bb7 31. Qf2 Bh6 32. Nd6 Bxg2 33. Qxf7+ Kh8 34. Kxg2 Rf8 35. Qxe6 Nf6 36. Rxb6 Qa2+ 37. R6b2 Qa8+ 38. e4 Be3 39. Rb7 Bd4 40. Nf7+ Kg7 41. Ng5+ Kh8 42. Qe7 Rg8 1-0

[Event "North Bay int."]
[Site "North Bay CAN"]
[Date "1997.08.07"]
[Round "3"]
[White "Levtchouk, George"]
[Black "Feldman, Steven"]
[Result "1-0"]
[WhiteElo "2357"]
[BlackElo "2354"]
[PlyCount "159"]
[GameId "2160767911932242"]
[EventDate "1997.08.06"]
[EventType "swiss"]
[EventRounds "9"]
[EventCountry "CAN"]
[SourceTitle "hb 2011"]

1. d4 d5 2. c4 Nc6 3. cxd5 Qxd5 4. Nf3 e5 5. Nc3 Bb4 6. a3 Bxc3+ 7. bxc3 exd4 8. cxd4 Nf6 9. e3 Bf5 10. Be2 O-O 11. O-O Rfe8 12. Bb2 Bg4 13. h3 Bh5 14. Rc1 Rad8 15. Qa4 Qd6 16. Rc5 Nd5 17. Qc2 Bg6 18. Qd1 b6 19. Rc1 Na5 20. Ne5 Be4 21. Bh5 g6 22. Be2 f6 23. Nc4 Nxc4 24. Bxc4 Kg7 25. Qd2 Ne7 26. f3 Bd5 27. Bd3 Bf7 28. e4 Kg8 29. Qc3 c6 30. f4 f5 31. exf5 Nxf5 32. Kh2 Nxd4 33. Kh1 c5 34. f5 Re3 35. Rf2 Rde8 36. fxg6 Bxg6 37. Qc4+ Kg7 38. Bxg6 Re1+ 39. Rf1 Rxf1+ 40. Rxf1 Qxg6 41. Bxd4+ cxd4 42. Qxd4+ Kg8 43. Rf4 h5 44. Qd5+ Kg7 45. Rf5 Kh6 46. Qd2+ Kh7 47. Qf4 Rg8 48. Qf3 Rg7 49. Rxh5+ Kg8 50. Qd5+ Kf8 51. Qa8+ Kf7 52. Qxa7+ Kg8 53. Qa8+ Kf7 54. Qd5+ Kf6 55. Qd6+ Kf7 56. Qxg6+ Rxg6 57. Rb5 Rg3 58. Rxb6 Rxa3 59. Kh2 Kg7 60. h4 Kh7 61. g3 Kg7 62. Kh3 Kh7 63. h5 Kg7 64. Kh4 Kh7 65. g4 Ra4 66. Rf6 Ra1 67. Kg5 Ra7 68. Re6 Rg7+ 69. Kf5 Rf7+ 70. Rf6 Rg7 71. g5 Ra7 72. Rd6 Rf7+ 73. Ke6 Rf1 74. Rd7+ Kg8 75. g6 Re1+ 76. Kf6 Rf1+ 77. Kg5 Rf8 78. h6 Ra8 79. h7+ Kh8 80. Kh6 1-0

[Event "North Bay int."]
[Site "North Bay CAN"]
[Date "1997.08.07"]
[Round "3"]
[White "Lindsay, Fred"]
[Black "Nogueiras, Jesus"]
[Result "0-1"]
[WhiteElo "2295"]
[BlackElo "2535"]
[PlyCount "88"]
[GameId "2160767911932243"]
[EventDate "1997.08.06"]
[EventType "swiss"]
[EventRounds "9"]
[EventCountry "CAN"]
[SourceTitle "EXT 97"]
[Source "ChessBase"]
[SourceDate "1997.11.17"]
[SourceVersion "1"]
[SourceVersionDate "1997.11.17"]
[SourceQuality "1"]

1. d4 e6 2. e4 b6 3. Nf3 Bb7 4. Bd3 c5 5. c3 Nf6 6. Nbd2 Be7 7. O-O cxd4 8. cxd4 Ba6 9. Qe2 Bxd3 10. Qxd3 d5 11. e5 Nfd7 12. a3 Nc6 13. b4 a6 14. b5 axb5 15. Qxb5 Qc7 16. Bb2 Ra5 17. Qb3 O-O 18. Rfc1 Qb7 19. Bc3 Ra7 20. Bb4 Bxb4 21. axb4 Rxa1 22. Rxa1 b5 23. Nb1 Nb6 24. Na3 Nc4 25. Nc2 Ra8 26. Rxa8+ Qxa8 27. Kf1 Qa7 28. Ke2 f6 29. exf6 gxf6 30. Qc3 Qa2 31. Nfe1 Kf8 32. Kd1 Qb1+ 33. Ke2 Qa2 34. Kd1 Qa7 35. Qh3 Qf7 36. Nd3 Ke7 37. Nc5 Qg8 38. Qh4 Qg6 39. Qh3 Nxd4 40. Nxd4 Qb1+ 41. Ke2 Qb2+ 42. Kf3 Qc3+ 43. Ke2 Qd2+ 44. Kf3 Ne5+ 0-1